| 000 | 01023nam a2200313 a 4500 | ||
|---|---|---|---|
| 001 | vtls000274940 | ||
| 003 | NLI | ||
| 005 | 20210602123605.0 | ||
| 008 | 101203s1958 mauf 000 0 eng | ||
| 020 | _cUSD 7.50 | ||
| 039 | 9 |
_y201012031755 _zVLOAD |
|
| 040 | 0 |
_aNLI _beng _cEntertech-FY 2010 _eAACR2 |
|
| 041 | 1 | _aeng | |
| 044 | _amau | ||
| 082 | 0 | 4 | _a294.551 |
| 100 | 0 |
_aSankaracarya _9173545 |
|
| 245 | 1 | 4 |
_aThe saundaryalahari or flood of beauty / _cSankaracarya ; edited and translated by W. Norman Brown |
| 260 |
_aCambridge : _bHarvard University Press, _c1958 |
||
| 300 |
_aviii, 249 p., [41] p. of plates ; _c27 cm. |
||
| 650 | 0 |
_aVedanta _9118872 |
|
| 650 | 0 |
_aHinduism _92835 |
|
| 700 | 1 |
_aBrown, W. Norman, _4edt _9165080 |
|
| 887 | _a | ||
| 901 |
_a325856 _b2.3.1959 |
||
| 902 | _aE/O 294.551 Sa 58 | ||
| 949 |
_AVIRTUAITEM _D10000 _X100 _6PUR000325856ENG |
||
| 942 |
_2ddc _cBKS |
||
| 999 |
_aVIRTUA40 _c232829 _d232829 |
||
| 999 | _aVTLSSORT0080*0200*0400*0410*0440*0820*1000*2450*2600*3000*6500*6501*7000*9010*9020*9490*9991 | ||